[Event "COL-chT Liga Quintal"]
[Site "Barranquilla"]
[Date "2019.05.19"]
[Round "4.2"]
[White "Acosta Polo, Edinson"]
[Black "Bolivar Pena, Jhan Mario"]
[Result "0-1"]
[WhiteElo "1624"]
[BlackElo "1615"]
[PlyCount "108"]
[EventDate "2019.03.17"]
[EventType "team-tourn"]
[EventRounds "7"]
[EventCountry "COL"]
[SourceTitle "EXT 2024"]
[Source "ChessBase"]
[SourceDate "2023.10.10"]
[SourceVersion "1"]
[SourceVersionDate "2023.10.10"]
[SourceQuality "1"]
[WhiteTeam "Quintal G"]
[BlackTeam "Ajedrez Baranoa"]
[WhiteTeamCountry "COL"]
[BlackTeamCountry "COL"]

1. Nf3 e6 2. d4 Nf6 3. Bf4 c5 4. e3 Nc6 5. c3 d5 6. Bd3 Bd6 7. Bg3 0-0 8. Nbd2 Re8 9. Ne5 Qc7 10. f4 b6 11. h4 Bb7 12. h5 h6 13. Ndf3 Ne4 14. Bh4 cxd4 15. exd4 f6 16. Nxc6 Bxc6 17. g3 e5 18. dxe5 fxe5 19. f5 Nc5 20. Be2 e4 21. Nd4 Bxg3+ 22. Bxg3 Qxg3+ 23. Kd2 Bd7 24. Qf1 Qg5+ 25. Kc2 Rf8 26. Rg1 Qf6 27. Rg6 Qe5 28. Rd1 Bxf5 29. Nxf5 Qxf5 30. Qxf5 Rxf5 31. Rdg1 Rf7 32. Rxh6 Re8 33. Rd6 Rd7 34. Rdg6 Kh7 35. Bb5 Ree7 36. Bxd7 Nxd7 37. Rd6 Nf6 38. Rg5 e3 39. Kd1 Ne4 40. Rdxd5 Nxg5 41. Rxg5 Rd7+ 42. Ke1 Rd2 43. Rb5 Rh2 44. a4 Kh6 45. c4 Rc2 46. b3 Rb2 47. Kd1 Rh2 48. c5 bxc5 49. Rxc5 Rb2 50. Rb5 a6 51. Rb6+ Kxh5 52. Rxa6 Rxb3 53. Re6 Kg4 54. Rg6+ Kf3 0-1

[Event "COL-chT Liga Quintal"]
[Site "Barranquilla"]
[Date "2019.03.25"]
[Round "2.2"]
[White "Barraza, Luis Alberto"]
[Black "Bolivar Pena, Jhan Mario"]
[Result "1-0"]
[WhiteElo "1945"]
[BlackElo "1615"]
[PlyCount "43"]
[EventDate "2019.03.17"]
[EventType "team-tourn"]
[EventRounds "7"]
[EventCountry "COL"]
[SourceTitle "EXT 2024"]
[Source "ChessBase"]
[SourceDate "2023.10.10"]
[SourceVersion "1"]
[SourceVersionDate "2023.10.10"]
[SourceQuality "1"]
[WhiteTeam "Centenario y Asociados"]
[BlackTeam "Ajedrez Baranoa"]
[WhiteTeamCountry "COL"]
[BlackTeamCountry "COL"]

1. c4 e6 2. g3 d5 3. Bg2 Nf6 4. Nf3 c5 5. 0-0 Nc6 6. b3 Bd6 7. Bb2 b6 8. Nc3 Bb7 9. e3 0-0 10. cxd5 exd5 11. Nh4 Ne7 12. f4 Rc8 13. g4 Qd7 14. g5 Ne4 15. Nxe4 dxe4 16. f5 Qc7 17. f6 Bxh2+ 18. Kh1 gxf6 19. gxf6 Ng6 20. Qh5 Qg3 21. Nf5 Nf4 22. Rxf4 1-0

[Event "Malambo Semifinal 1 Cat U16"]
[Site "Malambo"]
[Date "2017.03.03"]
[Round "3.2"]
[White "Bolivar Pena, Jhan Mario"]
[Black "Yepez Ortiz, Dubier"]
[Result "0-1"]
[WhiteElo "1602"]
[BlackElo "1746"]
[PlyCount "96"]
[EventDate "2017.03.02"]
[EventType "swiss"]
[EventRounds "6"]
[EventCountry "COL"]
[SourceTitle "EXT 2024"]
[Source "ChessBase"]
[SourceDate "2023.10.10"]
[SourceVersion "1"]
[SourceVersionDate "2023.10.10"]
[SourceQuality "1"]

1. e4 c5 2. Nf3 Nc6 3. d4 cxd4 4. Nxd4 Nf6 5. Nc3 e6 6. Be3 Bb4 7. f3 d5 8. Bb5 Bd7 9. Bxc6 bxc6 10. e5 Ng8 11. 0-0 c5 12. Nb3 d4 13. Bxd4 cxd4 14. Qxd4 Qb6 15. Ne4 Qxd4+ 16. Nxd4 Ne7 17. c3 Ba5 18. Nd6+ Kf8 19. Kh1 Nc6 20. Rad1 Ke7 21. f4 Nxd4 22. Rxd4 Bb6 23. Rd2 Bc6 24. b4 Rhd8 25. c4 a6 26. c5 Bc7 27. f5 Bd5 28. f6+ gxf6 29. Rxf6 Bxd6 30. cxd6+ Kf8 31. Rdf2 Rd7 32. h3 Rc8 33. Rh6 Kg7 34. Rh4 Rc4 35. Rxc4 Bxc4 36. Rc2 Bb5 37. g4 f6 38. exf6+ Kxf6 39. Kg2 Rxd6 40. Kg3 Rd4 41. Rf2+ Ke7 42. a3 Rd3+ 43. Rf3 e5 44. Rxd3 Bxd3 45. Kf3 Kf6 46. h4 Bc2 47. Ke2 e4 48. Ke3 Ke5 0-1

[Event "COL-ch School U15"]
[Site "Monteria"]
[Date "2016.12.08"]
[Round "3.4"]
[White "Bolivar Pena, Jhan Mario"]
[Black "Rincon, Duban Felipe"]
[Result "1-0"]
[WhiteElo "1619"]
[BlackElo "1367"]
[PlyCount "65"]
[EventDate "2016.12.07"]
[EventType "swiss"]
[EventRounds "6"]
[EventCountry "COL"]
[SourceTitle "EXT 2024"]
[Source "ChessBase"]
[SourceDate "2023.10.10"]
[SourceVersion "1"]
[SourceVersionDate "2023.10.10"]
[SourceQuality "1"]

1. e4 c5 2. Nf3 d6 3. d4 cxd4 4. Nxd4 Nf6 5. Nc3 a6 6. Bc4 e6 7. Bg5 b5 8. Bd3 Be7 9. Qe2 Bb7 10. f4 Nbd7 11. Rf1 Nc5 12. Nb3 Nxd3+ 13. Qxd3 b4 14. Bxf6 Bxf6 15. Nd1 Qc7 16. Rc1 a5 17. c3 Ba6 18. c4 Rc8 19. Nd2 0-0 20. b3 Rfd8 21. Ne3 Qe7 22. Kd1 Qa7 23. Rf3 Bd4 24. Rh3 Bxe3 25. Qxe3 Qxe3 26. Rxe3 h6 27. Rd3 d5 28. exd5 exd5 29. Rxd5 Rxd5 30. cxd5 Rxc1+ 31. Kxc1 Kf8 32. Nc4 Bxc4 33. bxc4 1-0

[Event "North Region-ch U12"]
[Site "Cartagena"]
[Date "2014.05.08"]
[Round "1.1"]
[White "Bolivar Pena, Jhan Mario"]
[Black "Roa Castro, Jorge Alberto"]
[Result "1-0"]
[WhiteElo "1599"]
[BlackElo "1373"]
[PlyCount "139"]
[EventDate "2014.05.08"]
[EventType "swiss"]
[EventRounds "6"]
[EventCountry "COL"]
[SourceTitle "EXT 2024"]
[Source "ChessBase"]
[SourceDate "2023.10.10"]
[SourceVersion "1"]
[SourceVersionDate "2023.10.10"]
[SourceQuality "1"]

1. e4 d5 2. exd5 Qxd5 3. Nc3 Qe5+ 4. Nge2 c6 5. g3 Qc7 6. Bg2 e6 7. d3 Be7 8. Bf4 e5 9. Be3 Nf6 10. 0-0 0-0 11. d4 Ng4 12. dxe5 Nxe3 13. fxe3 Qxe5 14. Qd4 Qxd4 15. exd4 c5 16. Nd5 Bd6 17. Kh1 Bg4 18. Bf3 Bh3 19. Rfd1 Nc6 20. dxc5 Bxc5 21. Ndc3 Ne5 22. Bxb7 Rad8 23. Rxd8 Rxd8 24. Nf4 Ng4 25. Nxh3 Rd2 26. Bg2 Bd4 27. Rd1 Bxc3 28. Rxd2 Bxd2 29. c4 h6 30. b3 a5 31. c5 Nf6 32. c6 Ne8 33. Nf4 Bxf4 34. gxf4 Nc7 35. Kg1 Kf8 36. Kf2 Ke7 37. Ke3 a4 38. Kd4 axb3 39. axb3 Kd8 40. Kc5 Kc8 41. b4 Ne6+ 42. Kd6 Nxf4 43. Be4 Ne6 44. Bf5 g5 45. Bxe6+ fxe6 46. Kc5 Kc7 47. b5 h5 48. Kd4 Kd6 49. Ke4 g4 50. Kf4 e5+ 51. Ke4 h4 52. Ke3 e4 53. Kxe4 g3 54. hxg3 hxg3 55. Kf3 g2 56. Kxg2 Kc7 57. Kf3 Kb6 58. Ke4 Kc7 59. Kd5 Kb6 60. Kd6 Kxb5 61. c7 Kc4 62. c8Q+ Kd4 63. Qc5+ Ke4 64. Qe5+ Kd3 65. Kd5 Kd2 66. Kd4 Kc2 67. Qe3 Kd1 68. Qf2 Kc1 69. Kc3 Kb1 70. Qb2# 1-0